[Event "Carnaval op"]
[Site "Quebec CAN"]
[Date "2006.02.18"]
[Round "2"]
[White "Champetier, Serge"]
[Black "Bolduc, Steve"]
[Result "1-0"]
[WhiteElo "2037"]
[BlackElo "2302"]
[PlyCount "125"]
[GameId "2160767910837503"]
[EventDate "2006.02.17"]
[EventType "swiss"]
[EventRounds "5"]
[EventCountry "CAN"]
[SourceTitle "EXT 2007"]
[Source "ChessBase"]
[SourceDate "2006.11.23"]
[SourceVersion "1"]
[SourceVersionDate "2006.11.23"]
[SourceQuality "1"]

1. e4 c5 2. Nc3 d6 3. f4 Nc6 4. Nf3 g6 5. Bc4 Bg7 6. O-O e6 7. d3 Nge7 8. Qe1 Nd4 9. Nxd4 cxd4 10. Ne2 O-O 11. Bb3 Nc6 12. Bd2 Kh8 13. Kh1 f5 14. exf5 exf5 15. Ng1 d5 16. Nf3 Qd6 17. Qg3 Bd7 18. Rae1 Rae8 19. a3 Rxe1 20. Rxe1 Re8 21. h4 Rxe1+ 22. Bxe1 h6 23. Bf2 b5 24. h5 gxh5 25. Nh4 Qe6 26. Qf3 Ne7 27. Qxh5 a5 28. Kg1 a4 29. Ba2 Kh7 30. Nf3 Kg8 31. Nxd4 Qd6 32. Qf3 b4 33. axb4 Qxb4 34. Bxd5+ Kh7 35. Nc6 Bxc6 36. Bxc6 Qxb2 37. Bxa4 Qa1+ 38. Kh2 Qxa4 39. c4 Qd7 40. d4 Bxd4 41. Qd3 Nc6 42. g4 Kg7 43. gxf5 Qd6 44. Qg3+ Kf7 45. c5 Qf6 46. Qb3+ Kf8 47. Bxd4 Qxd4 48. Qe6 Qxf4+ 49. Kg2 Nd4 50. Qc8+ Kf7 51. Qd7+ Kf6 52. c6 Qe4+ 53. Kh2 Qh4+ 54. Kg2 Qg4+ 55. Kh1 Qh3+ 56. Kg1 Qg4+ 57. Kh1 Nxf5 58. Qd8+ Kf7 59. Qd5+ Kg6 60. Qe6+ Kg5 61. Qg8+ Kh4 62. Qd8+ Kg3 63. Qb8+ 1-0

[Event "Carnaval op"]
[Site "Quebec CAN"]
[Date "2006.02.18"]
[Round "3"]
[White "Bolduc, Steve"]
[Black "Larochelle, Martial"]
[Result "1-0"]
[WhiteElo "2302"]
[BlackElo "2122"]
[PlyCount "71"]
[GameId "2160767910837510"]
[EventDate "2006.02.17"]
[EventType "swiss"]
[EventRounds "5"]
[EventCountry "CAN"]
[SourceTitle "EXT 2007"]
[Source "ChessBase"]
[SourceDate "2006.11.23"]
[SourceVersion "1"]
[SourceVersionDate "2006.11.23"]
[SourceQuality "1"]

1. d4 Nf6 2. c4 g6 3. Nc3 d5 4. cxd5 Nxd5 5. e4 Nxc3 6. bxc3 Bg7 7. Nf3 c5 8. Rb1 O-O 9. Be2 b6 10. O-O Bb7 11. Qd3 Nd7 12. d5 Qc7 13. c4 Rae8 14. Bb2 Bxb2 15. Rxb2 e5 16. Bd1 Nf6 17. a4 Rb8 18. a5 Rfd8 19. Ba4 Bc8 20. h3 bxa5 21. Rxb8 Qxb8 22. Qc3 Nxe4 23. Qxe5 Qxe5 24. Nxe5 Ba6 25. Nc6 Rd6 26. Rc1 Nd2 27. Nxa5 Rb6 28. f3 Rd6 29. Bc6 Kg7 30. Kf2 Rd8 31. Ke3 Bxc4 32. Nxc4 Nb3 33. Rb1 Nd4 34. Rb7 Kf6 35. Rxa7 Rb8 36. Rb7 1-0

[Event "Carnaval op"]
[Site "Quebec CAN"]
[Date "2006.02.19"]
[Round "4"]
[White "Tessier, Olivier"]
[Black "Bolduc, Steve"]
[Result "0-1"]
[WhiteElo "2133"]
[BlackElo "2302"]
[PlyCount "99"]
[GameId "2160767910837523"]
[EventDate "2006.02.17"]
[EventType "swiss"]
[EventRounds "5"]
[EventCountry "CAN"]
[SourceTitle "EXT 2007"]
[Source "ChessBase"]
[SourceDate "2006.11.23"]
[SourceVersion "1"]
[SourceVersionDate "2006.11.23"]
[SourceQuality "1"]

1. e4 c5 2. Nf3 d6 3. c3 Nf6 4. Be2 Bd7 5. Qc2 Bc6 6. d3 Nbd7 7. Bg5 Qc7 8. Nbd2 d5 9. Bxf6 exf6 10. exd5 Bxd5 11. Nf1 Ne5 12. Ne3 Nxf3+ 13. Bxf3 Bxf3 14. gxf3 O-O-O 15. O-O-O Bd6 16. Qa4 Bf4 17. Qxa7 Qc6 18. d4 cxd4 19. Rxd4 Rxd4 20. Qxd4 Qxf3 21. Rd1 Qxf2 22. Rd3 Kb8 23. Kb1 Re8 24. Qd7 Rc8 25. Nf5 Qe1+ 26. Kc2 Qe2+ 27. Kb1 Bc7 28. Re3 Qf1+ 29. Kc2 Be5 30. Ne7 Qf2+ 31. Kb3 Qxe3 32. Qxc8+ Ka7 33. Nd5 Qg1 34. Qc4 Qd1+ 35. Kb4 Bd6+ 36. Ka5 Qg1 37. b4 Kb8 38. Ka4 Qxh2 39. b5 Qc2+ 40. Ka5 Qf2 41. b6 Qc5+ 42. Qxc5 Bxc5 43. Kb5 Bf2 44. c4 h5 45. c5 h4 46. c6 bxc6+ 47. Kxc6 Bxb6 48. Kxb6 h3 49. a4 h2 50. a5 0-1

[Event "Carnaval op"]
[Site "Quebec CAN"]
[Date "2006.02.19"]
[Round "5"]
[White "Bolduc, Steve"]
[Black "Audet-Bouchard, Nicolas"]
[Result "1-0"]
[WhiteElo "2302"]
[BlackElo "2203"]
[PlyCount "61"]
[GameId "2160767910837527"]
[EventDate "2006.02.17"]
[EventType "swiss"]
[EventRounds "5"]
[EventCountry "CAN"]
[SourceTitle "EXT 2007"]
[Source "ChessBase"]
[SourceDate "2006.11.23"]
[SourceVersion "1"]
[SourceVersionDate "2006.11.23"]
[SourceQuality "1"]

1. d4 Nf6 2. c4 e6 3. Nc3 Bb4 4. Nf3 c5 5. d5 d6 6. Bd2 O-O 7. e3 exd5 8. Nxd5 Nxd5 9. cxd5 Bxd2+ 10. Qxd2 Bg4 11. Be2 Bxf3 12. Bxf3 b5 13. b4 Nd7 14. O-O a5 15. a3 Qb6 16. Be2 Rfc8 17. Rfb1 axb4 18. axb4 c4 19. Bg4 Qc7 20. Qd4 Rcb8 21. Bxd7 Qxd7 22. Ra5 Rxa5 23. bxa5 Qb7 24. a6 Qxa6 25. Qxc4 g6 26. Qc6 Rb6 27. Qe8+ Kg7 28. h4 Qa2 29. Qe4 h5 30. Qd4+ Kg8 31. Ra1 1-0

[Event "Dimanche 2006.02.05"]
[Site "Montreal CAN"]
[Date "2006.02.05"]
[Round "1"]
[White "Cloutier, Mathieu"]
[Black "Bolduc, Steve"]
[Result "0-1"]
[WhiteElo "1991"]
[BlackElo "2306"]
[PlyCount "86"]
[GameId "2160767910837706"]
[EventDate "2006.02.05"]
[EventType "swiss"]
[EventRounds "4"]
[EventCountry "CAN"]

1. Nf3 Nf6 2. g3 b6 3. Bg2 Bb7 4. O-O e6 5. c4 c5 6. Nc3 Be7 7. b3 d5 8. cxd5 Nxd5 9. Nxd5 Bxd5 10. Bb2 O-O 11. d4 Bf6 12. Qd2 cxd4 13. Bxd4 Nc6 14. Bxf6 Qxf6 15. Qg5 Nd4 16. Qxf6 Nxe2+ 17. Kh1 gxf6 18. Rfd1 Rad8 19. Rd3 Bxf3 20. Rxf3 f5 21. Re3 Rd2 22. Bf1 Nd4 23. Rd3 Rxd3 24. Bxd3 Rd8 25. Rd1 Kf8 26. f4 Nf3 27. Be2 Rxd1+ 28. Bxd1 Nd4 29. Kg2 Ke7 30. Kf2 Kd6 31. Ke3 e5 32. fxe5+ Kxe5 33. Kd3 Ne6 34. Kc4 Nc7 35. Bc2 h6 36. Kd3 f4 37. Bd1 fxg3 38. hxg3 f5 39. Bf3 Nb5 40. Bd1 Nd6 41. Bf3 Ne4 42. Bxe4 fxe4+ 43. Ke3 h5 0-1

[Event "Dimanche 2006.02.05"]
[Site "Montreal CAN"]
[Date "2006.02.12"]
[Round "2"]
[White "Bolduc, Steve"]
[Black "Dimev, Kiril"]
[Result "1-0"]
[WhiteElo "2306"]
[BlackElo "2045"]
[PlyCount "145"]
[GameId "2160767910837707"]
[EventDate "2006.02.05"]
[EventType "swiss"]
[EventRounds "4"]
[EventCountry "CAN"]

1. d4 Nf6 2. c4 e6 3. Nc3 Bb4 4. Nf3 d5 5. Bg5 h6 6. Bh4 c5 7. dxc5 Nc6 8. e3 g5 9. Bg3 Ne4 10. Rc1 Qa5 11. Bd3 Bxc3+ 12. bxc3 Nxc5 13. cxd5 exd5 14. O-O Bg4 15. Bb1 Ne4 16. c4 Nxg3 17. hxg3 O-O-O 18. cxd5 Rxd5 19. Qb3 Bxf3 20. gxf3 Qb5 21. Qa3 Kb8 22. Be4 Rhd8 23. Bxd5 Qxd5 24. Rfd1 Qxd1+ 25. Rxd1 Rxd1+ 26. Kg2 Rd8 27. Qc3 Rd6 28. Qh8+ Kc7 29. Qf8 Nd8 30. g4 a6 31. f4 gxf4 32. exf4 b5 33. f5 Kc6 34. Qe8+ Kc7 35. f4 Rd2+ 36. Kf3 Rd7 37. g5 hxg5 38. fxg5 Nc6 39. g6 fxg6 40. f6 Kd6 41. Kf4 Nd8 42. Kg5 Nf7+ 43. Kxg6 Ne5+ 44. Kf5 Nf7 45. Qe6+ Kc7 46. Qxa6 Rd5+ 47. Kf4 Nd6 48. Qa7+ Kc6 49. Kg4 Rc5 50. f7 Rc4+ 51. Kf3 Nxf7 52. Qxf7 Kc5 53. Ke3 Rc3+ 54. Kd2 b4 55. Qb7 Ra3 56. Qf7 Rc3 57. Qa7+ Kb5 58. a4+ Kc4 59. Qf7+ Kc5 60. Qf5+ Kc4 61. Qb5+ Kb3 62. a5 Rc2+ 63. Kd1 Ra2 64. a6 Ra1+ 65. Kd2 Ra2+ 66. Kd3 Ra3 67. Qb7 Ka2+ 68. Kd2 b3 69. a7 Kb1 70. a8=Q b2 71. Qe4+ Ka2 72. Qxa3+ Kxa3 73. Qb1 1-0

[Event "Dimanche 2006.02.05"]
[Site "Montreal CAN"]
[Date "2006.02.20"]
[Round "3"]
[White "Rosen, Matthew"]
[Black "Bolduc, Steve"]
[Result "1-0"]
[WhiteElo "2171"]
[BlackElo "2306"]
[PlyCount "93"]
[GameId "2160767910837708"]
[EventDate "2006.02.05"]
[EventType "swiss"]
[EventRounds "4"]
[EventCountry "CAN"]

1. Nf3 Nf6 2. c4 e6 3. b3 b6 4. Bb2 Bb7 5. d4 c5 6. Nbd2 cxd4 7. Nxd4 Bc5 8. e3 O-O 9. Bd3 d5 10. O-O e5 11. Nf5 Nc6 12. cxd5 Bc8 13. Qf3 Qxd5 14. Ne4 Qxd3 15. Nxf6+ Kh8 16. Nxg7 Bb7 17. Nf5 Ne7 18. Qxb7 Qxf5 19. Nd7 f6 20. Nxf8 Rxf8 21. Qf3 Qg6 22. Bxe5 Nf5 23. Bg3 h5 24. Rad1 h4 25. Rd5 Nxe3 26. Rh5+ Kg7 27. Rxh4 Nxf1 28. Rg4 Nxg3 29. Rxg6+ Kxg6 30. Qxg3+ Kh6 31. Qh4+ Kg7 32. b4 Be7 33. Qg4+ Kh6 34. Qf4+ Kg7 35. h4 f5 36. Qe5+ Bf6 37. Qxf5 Rd8 38. Qg4+ Kf7 39. h5 Bd4 40. Qg6+ Ke7 41. h6 Be5 42. g3 a5 43. bxa5 bxa5 44. h7 Rh8 45. Kg2 a4 46. Qe4 Kf6 47. Qh4+ 1-0

[Event "Dimanche 2006.02.05"]
[Site "Montreal CAN"]
[Date "2006.03.05"]
[Round "4"]
[White "Bolduc, Steve"]
[Black "Gauthier, Denis"]
[Result "1-0"]
[WhiteElo "2306"]
[BlackElo "1936"]
[PlyCount "77"]
[GameId "2160767910837709"]
[EventDate "2006.02.05"]
[EventType "swiss"]
[EventRounds "4"]
[EventCountry "CAN"]

1. d4 Nf6 2. c4 e6 3. Nc3 Bb4 4. Nf3 b6 5. Bg5 h6 6. Bh4 g5 7. Bg3 Ne4 8. Qc2 Bb7 9. Nd2 Bxc3 10. bxc3 Nxg3 11. fxg3 d6 12. e4 Nd7 13. Be2 Qf6 14. O-O-O O-O-O 15. Rhf1 Qg6 16. Bd3 e5 17. Rf5 Qg7 18. c5 exd4 19. c6 Bxc6 20. cxd4 Qxd4 21. Qxc6 Qxd3 22. Rxf7 Rhf8 23. Rxd7 Qa3+ 24. Kb1 Qd3+ 25. Kb2 Qd4+ 26. Kc2 Qc5+ 27. Qxc5 dxc5 28. Rxd8+ Kxd8 29. Rf1 Rh8 30. Rf7 Re8 31. Rh7 Re6 32. h4 gxh4 33. gxh4 Rg6 34. h5 Re6 35. Rg7 Re5 36. g4 b5 37. g5 hxg5 38. h6 g4 39. h7 1-0

[Event "Dimanche 2006.01.08"]
[Site "Montreal CAN"]
[Date "2006.01.15"]
[Round "2"]
[White "Forget, Luc"]
[Black "Bolduc, Steve"]
[Result "0-1"]
[WhiteElo "1884"]
[BlackElo "2290"]
[PlyCount "56"]
[GameId "2160767910837843"]
[EventDate "2006.01.08"]
[EventType "swiss"]
[EventRounds "4"]
[EventCountry "CAN"]

1. d4 Nf6 2. c4 e6 3. g3 d5 4. Bg2 dxc4 5. Nf3 Nc6 6. O-O Rb8 7. e3 Bd7 8. Qe2 b5 9. b3 cxb3 10. axb3 Bd6 11. Bb2 Qe7 12. Nc3 b4 13. Nb1 O-O 14. Rc1 Nd5 15. e4 Nc3 16. Nxc3 bxc3 17. Rxc3 e5 18. dxe5 Nxe5 19. Nxe5 Bxe5 20. Rcc1 Bb5 21. Qc2 Bd3 22. Qd2 Rxb3 23. Bxe5 Qxe5 24. Rxa7 c6 25. Rxc6 Bxe4 26. Bxe4 Qxe4 27. Rac7 Rd3 28. Qc2 Qf3 0-1

[Event "Dimanche 2006.01.08"]
[Site "Montreal CAN"]
[Date "2006.01.22"]
[Round "3"]
[White "Bolduc, Steve"]
[Black "Roy, Guy"]
[Result "1-0"]
[WhiteElo "2290"]
[BlackElo "2064"]
[PlyCount "41"]
[GameId "2160767910837844"]
[EventDate "2006.01.08"]
[EventType "swiss"]
[EventRounds "4"]
[EventCountry "CAN"]

1. d4 d5 2. c4 c6 3. Nf3 Nf6 4. Nc3 g6 5. Bf4 Bg7 6. e3 O-O 7. Bd3 Bg4 8. h3 Bxf3 9. Qxf3 e6 10. O-O dxc4 11. Bxc4 Nbd7 12. Rad1 Qa5 13. Bd6 Rfe8 14. e4 b5 15. b4 Qb6 16. Bb3 e5 17. dxe5 Nxe5 18. Bxe5 Rxe5 19. Rd6 Ne8 20. Qxf7+ Kh8 21. Qg8# 1-0

[Event "Montcalm-ch"]
[Site "Quebec CAN"]
[Date "2006.01.06"]
[Round "1"]
[White "Lemieux, Pierre"]
[Black "Bolduc, Steve"]
[Result "1-0"]
[WhiteElo "1894"]
[BlackElo "2324"]
[PlyCount "113"]
[GameId "2160767910837858"]
[EventDate "2006.01.06"]
[EventType "swiss"]
[EventRounds "5"]
[EventCountry "CAN"]
[SourceTitle "EXT 2007"]
[Source "ChessBase"]
[SourceDate "2006.11.23"]
[SourceVersion "1"]
[SourceVersionDate "2006.11.23"]
[SourceQuality "1"]

1. d4 Nf6 2. Nf3 e6 3. Bf4 d5 4. e3 Be7 5. h3 c5 6. c3 Qb6 7. Qb3 Nc6 8. Qxb6 axb6 9. Na3 c4 10. Nc2 b5 11. a3 Ne4 12. Nd2 Nxd2 13. Kxd2 f6 14. Rd1 e5 15. dxe5 fxe5 16. Bg3 O-O 17. Be2 Be6 18. Bf3 Bg5 19. Ke2 Rad8 20. Nb4 Nxb4 21. axb4 Bf6 22. Ra1 Bf5 23. Ra5 Bd3+ 24. Kd2 d4 25. Rxb5 dxc3+ 26. bxc3 e4 27. Bg4 Bf1+ 28. Kc2 Bxg2 29. Be6+ Kh8 30. Rg1 Bf3 31. Bxc4 Rc8 32. Rc5 b6 33. Rc7 h5 34. Be6 Ra8 35. Bd5 Rad8 36. c4 b5 37. Bh4 bxc4 38. Bxc4 Bd1+ 39. Kc1 Rc8 40. Rxc8 Rxc8 41. Bxf6 gxf6 42. Rg8+ Rxg8 43. Bxg8 Be2 44. Be6 h4 45. Kd2 Bf1 46. Kc3 Kg7 47. Bf5 Kf7 48. Kd4 Ke7 49. Kxe4 Kd6 50. Kf4 Be2 51. Bg4 Bd3 52. e4 Ke7 53. Kf5 Kf7 54. f3 Kg7 55. Bh5 Kh6 56. Be8 Be2 57. Kg4 1-0

[Event "Montcalm-ch"]
[Site "Quebec CAN"]
[Date "2006.01.07"]
[Round "2"]
[White "Bolduc, Steve"]
[Black "Pilotte, Benoit"]
[Result "1-0"]
[WhiteElo "2324"]
[BlackElo "1750"]
[PlyCount "77"]
[GameId "2160767910837863"]
[EventDate "2006.01.06"]
[EventType "swiss"]
[EventRounds "5"]
[EventCountry "CAN"]
[SourceTitle "EXT 2007"]
[Source "ChessBase"]
[SourceDate "2006.11.23"]
[SourceVersion "1"]
[SourceVersionDate "2006.11.23"]
[SourceQuality "1"]

1. d4 Nf6 2. c4 g6 3. Nc3 Bg7 4. e4 d6 5. Nf3 O-O 6. Be2 Na6 7. O-O e5 8. Re1 exd4 9. Nxd4 Nc5 10. f3 a5 11. Be3 h6 12. Qd2 Kh7 13. Ndb5 Bd7 14. Rad1 Re8 15. Bf1 Bc6 16. Bd4 Nfd7 17. Bxg7 Kxg7 18. Nd4 Ne6 19. Nxe6+ fxe6 20. b3 b6 21. g3 e5 22. Bh3 Nc5 23. Nd5 Bd7 24. Bg2 Ne6 25. Qb2 c5 26. Bh3 Nf8 27. Bxd7 Nxd7 28. a3 Nf8 29. b4 axb4 30. axb4 Rb8 31. Ra1 Qd7 32. f4 Rb7 33. Rf1 Ne6 34. fxe5 Rf8 35. exd6+ Nd4 36. Rxf8 Kxf8 37. Qf2+ Kg7 38. Qf6+ Kh7 39. Qe7+ 1-0

[Event "Montcalm-ch"]
[Site "Quebec CAN"]
[Date "2006.01.07"]
[Round "3"]
[White "Bolduc, Steve"]
[Black "Dion, Jean-Francois"]
[Result "1-0"]
[WhiteElo "2324"]
[BlackElo "1925"]
[PlyCount "95"]
[GameId "2160767910837868"]
[EventDate "2006.01.06"]
[EventType "swiss"]
[EventRounds "5"]
[EventCountry "CAN"]
[SourceTitle "EXT 2007"]
[Source "ChessBase"]
[SourceDate "2006.11.23"]
[SourceVersion "1"]
[SourceVersionDate "2006.11.23"]
[SourceQuality "1"]

1. d4 Nf6 2. c4 g6 3. Nc3 Bg7 4. e4 d6 5. Nf3 O-O 6. Be2 e5 7. O-O Nc6 8. d5 Ne7 9. Ne1 Ne8 10. Be3 f5 11. f3 f4 12. Bf2 g5 13. c5 Rf7 14. a4 Bf8 15. cxd6 cxd6 16. Nb5 a6 17. Na3 Kh8 18. Nc4 Ng8 19. Nb6 Rb8 20. Rc1 Nh6 21. Rc3 Rg7 22. Qc2 Bd7 23. Nxd7 Qxd7 24. Nd3 g4 25. Rc1 gxf3 26. Bxf3 Ng4 27. Rc8 Rxc8 28. Qxc8 Nxf2 29. Nxf2 Qxa4 30. Qb8 Rg8 31. Qxb7 Qa5 32. Qc6 Be7 33. Kf1 Bh4 34. Nd3 Bd8 35. b4 Qa3 36. Qc3 Qa4 37. Nb2 Qd7 38. Qc6 Qa7 39. Nc4 Bh4 40. Qb6 Qxb6 41. Nxb6 Nf6 42. Rc6 Rd8 43. Nc4 Rb8 44. Nxd6 Rxb4 45. Nf5 Rb1+ 46. Ke2 Rb2+ 47. Kd1 Bg5 48. h4 1-0

[Event "Montcalm-ch"]
[Site "Quebec CAN"]
[Date "2006.01.08"]
[Round "4"]
[White "Laflamme, Simon"]
[Black "Bolduc, Steve"]
[Result "1-0"]
[WhiteElo "1913"]
[BlackElo "2324"]
[PlyCount "137"]
[GameId "2160767910837879"]
[EventDate "2006.01.06"]
[EventType "swiss"]
[EventRounds "5"]
[EventCountry "CAN"]
[SourceTitle "EXT 2007"]
[Source "ChessBase"]
[SourceDate "2006.11.23"]
[SourceVersion "1"]
[SourceVersionDate "2006.11.23"]
[SourceQuality "1"]

1. d4 Nf6 2. Bg5 Ne4 3. Bf4 c5 4. f3 Qa5+ 5. c3 Nf6 6. Nd2 cxd4 7. Nb3 Qb6 8. Qxd4 Nc6 9. Qxb6 axb6 10. Nd4 e5 11. Nxc6 dxc6 12. Bxe5 b5 13. e4 Be6 14. Ne2 Nd7 15. Bf4 Rxa2 16. Rxa2 Bxa2 17. Nd4 Bc5 18. Bd3 O-O 19. Kd2 Bc4 20. Bxc4 bxc4 21. Ra1 Rc8 22. Ra5 g6 23. Ra4 Kf8 24. Rxc4 Ke7 25. Ra4 f6 26. Nb3 Bb6 27. Be3 c5 28. Na5 Rb8 29. Nc4 Bc7 30. Ra7 Kd8 31. h3 b5 32. Na5 Kc8 33. Nc6 Rb6 34. Ne7+ Kb8 35. Rxc7 Rd6+ 36. Nd5 Rxd5+ 37. exd5 Kxc7 38. Bf4+ Kb6 39. Bd6 Ka5 40. b4+ cxb4 41. Bxb4+ Kb6 42. Ke3 Kb7 43. Kd4 Kb6 44. f4 h5 45. g4 hxg4 46. hxg4 Kc7 47. Bc5 Kb7 48. Be7 Kb6 49. Bd6 Kb7 50. c4 bxc4 51. Kxc4 Nb6+ 52. Kc5 Nd7+ 53. Kd4 Kb6 54. Be7 Kb5 55. Bd8 f5 56. gxf5 gxf5 57. Bc7 Ka6 58. d6 Kb7 59. Kd5 Kc8 60. Ke6 Nf8+ 61. Kxf5 Kd7 62. Kf6 Ne6 63. f5 Nd4 64. Kg6 Nf3 65. f6 Ne5+ 66. Kf5 Nf7 67. Kg6 Ne5+ 68. Kh7 Ke6 69. Kg7 1-0

[Event "Montreal CEM CC-ch"]
[Site "Montreal CAN"]
[Date "2003.01.25"]
[Round "3"]
[White "Duong, Thanh Nha"]
[Black "Bolduc, Steve"]
[Result "1-0"]
[WhiteElo "2300"]
[BlackElo "2202"]
[PlyCount "142"]
[GameId "2160767911361218"]
[EventDate "2003.01.24"]
[EventType "swiss"]
[EventRounds "5"]
[EventCountry "CAN"]
[SourceTitle "EXT 2006"]
[Source "ChessBase"]
[SourceDate "2005.11.24"]
[SourceVersion "1"]
[SourceVersionDate "2005.11.24"]
[SourceQuality "1"]

1. Nf3 Nf6 2. c4 e6 3. Nc3 d5 4. d4 Be7 5. cxd5 exd5 6. Bg5 c6 7. Qc2 Nbd7 8. e3 Nh5 9. Bxe7 Qxe7 10. O-O-O Nb6 11. Bd3 Be6 12. Kb1 O-O-O 13. Rc1 Kb8 14. Na4 Nxa4 15. Qxa4 Nf6 16. Ne5 Nd7 17. Nxd7+ Qxd7 18. Qc2 g6 19. b4 Rc8 20. Ka1 h5 21. h4 Rc7 22. Qb1 Rhc8 23. Rc3 Qe7 24. g3 Bg4 25. Rhc1 Bf3 26. Qb2 Be4 27. Bf1 Qe6 28. Rc5 Qf5 29. Qd2 g5 30. hxg5 Qxg5 31. Bh3 Bf5 32. Bxf5 Qxf5 33. Qc2 Qd7 34. Qh7 b6 35. R5c2 Qd6 36. Qxh5 Qxb4 37. Qe5 Kb7 38. g4 Qe7 39. Qf5 Qd7 40. Qxd7 Rxd7 41. Kb2 Rd6 42. Rh1 Rg6 43. Rh7 Rc7 44. f3 Re6 45. Rc3 c5 46. dxc5 bxc5 47. Rh5 Rd6 48. Rf5 c4 49. Rf4 Kb6 50. Rd4 Kc5 51. Kc2 Ra6 52. a3 Rb6 53. Kd2 Rb2+ 54. Rc2 Rcb7 55. Rf4 Rxc2+ 56. Kxc2 Rb3 57. Kd2 Rd3+ 58. Ke2 Rxa3 59. Rxf7 Ra2+ 60. Kf1 c3 61. Rc7+ Kb4 62. g5 c2 63. Ke1 Kb3 64. Kd2 d4 65. exd4 Ra4 66. Rc3+ Kb4 67. Rxc2 Ra5 68. f4 Ra3 69. Ke2 Rh3 70. g6 a5 71. f5 Rg3 1-0

[Event "Souvenir"]
[Site "Montreal CAN"]
[Date "2002.11.09"]
[Round "3"]
[White "Prahov, Valentin"]
[Black "Bolduc, Steve"]
[Result "1/2-1/2"]
[WhiteElo "2219"]
[BlackElo "2212"]
[PlyCount "51"]
[GameId "2160767911386561"]
[EventDate "2002.11.08"]
[EventType "swiss (rapid)"]
[EventRounds "5"]
[EventCountry "CAN"]
[SourceTitle "EXT 2009"]
[Source "ChessBase"]
[SourceDate "2008.11.26"]
[SourceVersion "1"]
[SourceVersionDate "2008.11.26"]
[SourceQuality "1"]

1. e4 Nf6 2. Nc3 d5 3. e5 d4 4. exf6 dxc3 5. fxe7 cxd2+ 6. Bxd2 Bxe7 7. Bc3 O-O 8. Qxd8 Rxd8 9. Bd3 Nc6 10. Nf3 Nb4 11. Bxb4 Bxb4+ 12. Kf1 f6 13. a3 Bc5 14. Re1 Bg4 15. h3 Bh5 16. g4 Bg6 17. Bxg6 hxg6 18. Kg2 Kf7 19. Rd1 g5 20. Rhe1 Rxd1 21. Rxd1 Re8 22. Rd5 Bb6 23. Kf1 c6 24. Rd6 Re6 25. Rd7+ Re7 26. Rd6 1/2-1/2

[Event "Quebec-ch qual. 2"]
[Site "Montreal CAN"]
[Date "1995.05.26"]
[Round "1"]
[White "Bolduc, Steve"]
[Black "Filion, Charles"]
[Result "0-1"]
[WhiteElo "2235"]
[BlackElo "2005"]
[PlyCount "80"]
[GameId "2160767912064567"]
[EventDate "1995.05.26"]
[EventType "swiss"]
[EventRounds "5"]
[EventCountry "CAN"]
[SourceTitle "hb 2011"]

1. d4 Nf6 2. c4 e6 3. Nf3 b6 4. g3 Ba6 5. b3 Bb4+ 6. Bd2 Be7 7. Bg2 O-O 8. Bc3 c6 9. Nbd2 d5 10. O-O Nbd7 11. Re1 Rc8 12. Ne5 c5 13. dxc5 bxc5 14. Rc1 d4 15. Nxd7 Qxd7 16. Bb2 Rcd8 17. b4 cxb4 18. c5 Qb5 19. Nb3 e5 20. Qd3 Qa4 21. Qb1 Nd5 22. e3 Nc3 23. Bxc3 dxc3 24. Rcd1 Bc4 25. Bb7 Qb5 26. c6 Bd6 27. f4 exf4 28. Nd4 Qg5 29. exf4 Bxf4 30. Qe4 Bc7 31. Nf5 Be6 32. Ne3 Qc5 33. Kg2 Rd2+ 34. Rxd2 cxd2 35. Rd1 Bb6 36. Kf3 Bd5 37. Qxd5 Qxe3+ 38. Kg4 Qe2+ 39. Qf3 h5+ 40. Kf4 Bc7+ 0-1

[Event "Quebec-ch qual. 1"]
[Site "Montreal CAN"]
[Date "1995.04.28"]
[Round "1"]
[White "Rouleau, Paul"]
[Black "Bolduc, Steve"]
[Result "0-1"]
[WhiteElo "1886"]
[BlackElo "2193"]
[PlyCount "30"]
[GameId "2160767912064640"]
[EventDate "1995.04.28"]
[EventType "swiss"]
[EventRounds "5"]
[EventCountry "CAN"]
[SourceTitle "hb 2011"]

1. e4 c5 2. c3 d5 3. exd5 Qxd5 4. d4 Nc6 5. Nf3 Bg4 6. Be2 e6 7. h3 Bh5 8. Na3 cxd4 9. Nb5 O-O-O 10. cxd4 Bxf3 11. gxf3 Bb4+ 12. Kf1 a6 13. Qa4 axb5 14. Qa8+ Kc7 15. Bf4+ Kb6 0-1

[Event "Quebec-ch qual. 1"]
[Site "Montreal CAN"]
[Date "1995.04.29"]
[Round "3"]
[White "Bolduc, Steve"]
[Black "Fillion, Steve"]
[Result "1-0"]
[WhiteElo "2193"]
[BlackElo "2003"]
[PlyCount "55"]
[GameId "2160767912064642"]
[EventDate "1995.04.28"]
[EventType "swiss"]
[EventRounds "5"]
[EventCountry "CAN"]
[SourceTitle "hb 2011"]

1. d4 Nf6 2. c4 e6 3. Nf3 d5 4. g3 Be7 5. Bg2 O-O 6. O-O c6 7. Nc3 Nbd7 8. Qd3 b6 9. e4 Bb7 10. e5 dxc4 11. Qxc4 Nd5 12. Nd2 Qc8 13. Re1 Rd8 14. Nde4 Nf8 15. Bg5 Bxg5 16. Nxg5 Nxc3 17. Qxc3 Qd7 18. Rad1 Rac8 19. b4 Ng6 20. Qc2 Qe7 21. Ne4 Qxb4 22. Nd6 Rc7 23. d5 exd5 24. Bxd5 Nf8 25. Bb3 Ne6 26. Nxf7 Rxd1 27. Rxd1 Kxf7 28. Qf5+ 1-0

[Event "Quebec-ch qual. 1"]
[Site "Montreal CAN"]
[Date "1995.04.30"]
[Round "4"]
[White "Bolduc, Steve"]
[Black "Gladu, Pierre"]
[Result "1-0"]
[WhiteElo "2193"]
[BlackElo "2132"]
[PlyCount "85"]
[GameId "2160767912064644"]
[EventDate "1995.04.28"]
[EventType "swiss"]
[EventRounds "5"]
[EventCountry "CAN"]
[SourceTitle "hb 2011"]

1. e4 c5 2. d3 Nc6 3. g3 g6 4. Bg2 Bg7 5. f4 d6 6. Nf3 e6 7. O-O Nge7 8. c3 O-O 9. Be3 Rb8 10. d4 cxd4 11. Nxd4 d5 12. Nxc6 bxc6 13. Qc2 d4 14. Rd1 c5 15. Na3 Ba6 16. cxd4 cxd4 17. Qa4 Be2 18. Rd2 d3 19. Rb1 a5 20. Qc4 Rb4 21. Qc5 Bd4 22. Bxd4 Qxd4+ 23. Qxd4 Rxd4 24. Nb5 Rd7 25. Nc3 Bh5 26. h3 f5 27. e5 h6 28. Kf2 g5 29. Ke3 gxf4+ 30. gxf4 Ng6 31. Bf1 Rfd8 32. Nb5 Rd5 33. Nd6 Nxe5 34. fxe5 Rxe5+ 35. Kf4 Rd5 36. Nb7 R8d7 37. Bg2 Rb5 38. a4 Rbxb7 39. Bxb7 Rxb7 40. Rxd3 Rb4+ 41. Ke5 Re4+ 42. Kf6 Kf8 43. Rc1 1-0

[Event "Quebec-ch qual. 1"]
[Site "Montreal CAN"]
[Date "1995.04.30"]
[Round "5"]
[White "Linskiy, Oleg"]
[Black "Bolduc, Steve"]
[Result "1/2-1/2"]
[WhiteElo "2352"]
[BlackElo "2193"]
[PlyCount "42"]
[GameId "2160767912064646"]
[EventDate "1995.04.28"]
[EventType "swiss"]
[EventRounds "5"]
[EventCountry "CAN"]
[SourceTitle "hb 2011"]

1. e4 e6 2. d4 d5 3. Nc3 dxe4 4. Nxe4 Bd7 5. Nf3 Bc6 6. Bd3 Nd7 7. O-O Ngf6 8. Qe2 Be7 9. Ne5 Nxe5 10. dxe5 Nxe4 11. Bxe4 Bxe4 12. Qxe4 c6 13. Qg4 Qd5 14. Bg5 Qxe5 15. Bxe7 Kxe7 16. Qb4+ Kf6 17. Qxb7 Rab8 18. Qxc6 Qxb2 19. Qa4 Rhd8 20. Qh4+ Kg6 21. Qg4+ Kf6 1/2-1/2

[Event "Paul Keres A"]
[Site "Montreal CAN"]
[Date "1995.01.10"]
[Round "1"]
[White "Gladu, Pierre"]
[Black "Bolduc, Steve"]
[Result "1/2-1/2"]
[WhiteElo "2116"]
[BlackElo "2178"]
[PlyCount "67"]
[GameId "2160767912064863"]
[EventDate "1995.01.03"]
[EventType "tourn"]
[EventRounds "7"]
[EventCountry "CAN"]
[SourceTitle "FQE 06"]

1. e4 e6 2. d4 d5 3. Nd2 dxe4 4. Nxe4 Bd7 5. Nf3 Bc6 6. Bd3 Nd7 7. O-O Ngf6 8. Ng3 Be7 9. b3 O-O 10. Bb2 b6 11. c4 Bb7 12. Qe2 c5 13. Rad1 Re8 14. h4 Qc7 15. Ne5 cxd4 16. Bxd4 Bc5 17. Bxc5 Nxc5 18. Bb1 Rad8 19. Qe3 Rxd1 20. Rxd1 Rd8 21. Rd4 Rxd4 22. Qxd4 Kf8 23. f3 Nfd7 24. Nxd7+ Nxd7 25. Kf2 Nf6 26. Be4 Bxe4 27. Nxe4 Nxe4+ 28. Qxe4 Qc5+ 29. Kf1 Qa3 30. Qxh7 Qxa2 31. Qh8+ Ke7 32. Qxg7 Qxb3 33. Qg5+ Kf8 34. Qd8+ 1/2-1/2